MARC

LEADER 00000nam0a2200000 4500
001 352775
005 20231102010530.0
035 |a (RuTPU)RU\TPU\retro\9560 
090 |a 352775 
100 |a 20200205d1976 m y0rusy50 ca 
101 0 |a rus 
102 |a RU 
105 |a a z 000zy 
200 1 |a Человек на ледяном континенте  |f Л. И. Дубровин 
210 |a Ленинград  |c Гидрометеоиздат  |d 1976 
215 |a 159 с.  |c ил. 
606 1 |a Антарктида  |x География  |2 stltpush  |3 (RuTPU)RU\TPU\subj\29125  |9 52523 
610 1 |a история 
610 1 |a антарктические станции 
610 1 |a население 
610 1 |a поселки 
610 1 |a растения 
675 |a 91(99)  |v 4 
700 1 |a Дубровин  |b Л. И. 
801 1 |a RU  |b 63413507  |c 20200205 
942 |c BK